00417nam a2200169Ia 4500003000400000005001700004008004100021020001800062040000700080041000800087082001600095100002300111245004300134260004100177300001600218365001300234OSt20230403094123.0210423s2009 xx 000 0 und d a9780070085794 cAL aeng a658.15 PARN aPARASURAMAN (N R). aFundamentals of financial derivatives. aNew DelhibWiley India Pvt Ltdc2009 axxi,307bPB b329cINR